000
00339nam a2200145Ia 4500
100
_a
Mathur/M.2/ Sharma/ R.P.
942
_c
BK
654
_a
Electronics
245
_a
A Course in Internal Combustion Engines
260
_b
Dhanpat Rai & Sons
_c
1993
082
_a
621.43
_b
MAT/SHA
300
_a
898
546
_a
ENGLISH
999
_c
22029
_d
22029